000 00289nam a22001097a 4500
040 _cSCME
100 _aXinjiang
_997653
245 _aHistorical witness to ethnic equality,unity and development in xinjiang
260 _aChina
_bForeign language press
300 _a55p.
942 _2ddc
_cBK
999 _c591126
_d591126